|
|
|
|
| LEADER |
01742nam a22004211i 4500 |
| 001 |
EBC1910397 |
| 003 |
MiAaPQ |
| 005 |
20200520144314.0 |
| 006 |
m o d | |
| 007 |
cr cnu|||||||| |
| 008 |
131101t20132013sz a ob 001 0 eng d |
| 020 |
|
|
|z 9783037858356
|
| 020 |
|
|
|a 9783038262169
|q (electronic bk.)
|
| 035 |
|
|
|a (MiAaPQ)EBC1910397
|
| 035 |
|
|
|a (Au-PeEL)EBL1910397
|
| 035 |
|
|
|a (CaPaEBR)ebr10777871
|
| 035 |
|
|
|a (OCoLC)868961252
|
| 040 |
|
|
|a MiAaPQ
|b eng
|e rda
|e pn
|c MiAaPQ
|d MiAaPQ
|
| 050 |
|
4 |
|a TS183
|b .I55 2013
|
| 245 |
0 |
0 |
|a Materials, technologies and quality assurance /
|c edited by Zdenko Tkaûc [and three others].
|
| 264 |
|
1 |
|a Durnten-Zurich :
|b Trans Tech Publications Ltd,
|c [2013]
|
| 264 |
|
4 |
|c 2013
|
| 300 |
|
|
|a 1 online resource (150 pages) :
|b illustrations.
|
| 336 |
|
|
|a text
|2 rdacontent
|
| 337 |
|
|
|a computer
|2 rdamedia
|
| 338 |
|
|
|a online resource
|2 rdacarrier
|
| 440 |
|
0 |
|a Advanced materials research,
|x 1662-8985 ;
|v v. 801
|
| 500 |
|
|
|a "Special topic volume with invited peer reviewed scientific papers only".
|
| 504 |
|
|
|a Includes bibliographical references and indexes.
|
| 588 |
|
|
|a Description based on online resource; title from PDF title page (ebrary, viewed November 01, 2013).
|
| 590 |
|
|
|a Electronic reproduction. Ann Arbor, MI : ProQuest, 2015. Available via World Wide Web. Access may be limited to ProQuest affiliated libraries.
|
| 650 |
|
0 |
|a Materials
|x Technological innovations.
|
| 650 |
|
0 |
|a Quality control.
|
| 650 |
|
0 |
|a Manufacturing processes
|x Qualiy control.
|
| 655 |
|
4 |
|a Electronic books.
|
| 700 |
1 |
|
|a Tkaû, Zdenko.
|
| 797 |
2 |
|
|a ProQuest (Firm)
|
| 856 |
4 |
0 |
|u https://ebookcentral.proquest.com/lib/matrademy/detail.action?docID=1910397
|z Click to View
|